书目信息 |
| 题名: |
茄果类蔬菜病虫害诊治原色图鉴
|
|
| 作者: | 吕佩珂 , 苏慧兰 , 尚春明 主编 | |
| 分册: | ||
| 出版信息: | 北京 化学工业出版社 2017.1 |
|
| 页数: | 290页 | |
| 开本: | 21cm | |
| 丛书名: | 现代蔬菜病虫害防治丛书 | |
| 单 册: | ||
| 中图分类: | S436.41-64 | |
| 科图分类: | ||
| 主题词: | 茄果类--病虫害防治--图集 | |
| 电子资源: | ||
| ISBN: | 978-7-122-28441-9 | |
| 000 | 01237nam 2200301 450 | |
| 001 | 0400002952 | |
| 005 | 20171025151359.14 | |
| 010 | @a978-7-122-28441-9@dCNY59.00 | |
| 100 | @a20170215d2017 em y0chiy50 ea | |
| 101 | 0 | @achi |
| 102 | @aCN@b110000 | |
| 105 | @aa z 000yy | |
| 106 | @ar | |
| 200 | 1 | @a茄果类蔬菜病虫害诊治原色图鉴@9qie guo lei shu cai bing chong hai zhen zhi yuan se tu jian@f吕佩珂,苏慧兰,尚春明主编 |
| 205 | @a第2版 | |
| 210 | @a北京@c化学工业出版社@d2017.1 | |
| 215 | @a290页@d21cm | |
| 225 | 1 | @a现代蔬菜病虫害防治丛书 |
| 307 | @a实际页数为:291 | |
| 330 | @a本书紧密围绕无公害蔬菜生产需要,针对蔬菜生产上可能遇到的大多数病虫害,包括不断出现的新病虫害,不仅提供了可靠的传统防治方法,也挖掘了不少新的、现代的防治方法。本书图文并茂,介绍了6种茄果类蔬菜,280种病虫害,图文结合,不仅有宏观的症状特写照片、病原生物照片,还有病原菌显微照片、图片等,便于准确识别病虫害,做到有效防治。 | |
| 461 | 0 | @12001 @a现代蔬菜病虫害防治丛书 |
| 606 | 0 | @a茄果类@x病虫害防治@j图集 |
| 690 | @aS436.41-64@v5 | |
| 701 | 0 | @a吕佩珂@9lv pei ke@4主编 |
| 701 | 0 | @a苏慧兰@9su hui lan@4主编 |
| 701 | 0 | @a尚春明@9shang chun ming@4主编 |
| 801 | 0 | @aCN@b91MARC@c20171021 |
| 905 | @b1021432,4-7@dS436.41-64@f5@e127=2 | |
| 茄果类蔬菜病虫害诊治原色图鉴/吕佩珂,苏慧兰,尚春明主编.-第2版.-北京:化学工业出版社,2017.1 |
| 290页;21cm.-(现代蔬菜病虫害防治丛书) |
| ISBN 978-7-122-28441-9:CNY59.00 |
| 本书紧密围绕无公害蔬菜生产需要,针对蔬菜生产上可能遇到的大多数病虫害,包括不断出现的新病虫害,不仅提供了可靠的传统防治方法,也挖掘了不少新的、现代的防治方法。本书图文并茂,介绍了6种茄果类蔬菜,280种病虫害,图文结合,不仅有宏观的症状特写照片、病原生物照片,还有病原菌显微照片、图片等,便于准确识别病虫害,做到有效防治。 |
| ● |
| 相关链接 |
|
|
|
|
正题名:茄果类蔬菜病虫害诊治原色图鉴
索取号:S436.41-64/127=2
 
预约/预借
| 序号 | 登录号 | 条形码 | 馆藏地/架位号 | 状态 | 备注 |
| 1 | 1021432 | 210214329 | 第二样本阅览室/ [索取号:S436.41-64/127=2] | 在馆 | |
| 2 | 1021434 | 210214347 | 密集书库-生命科学系/ [索取号:S436.41-64/127=2] | 在馆 | |
| 3 | 1021435 | 210214356 | 第三借阅区/ [索取号:S436.41-64/127=2] | 在馆 | |
| 4 | 1021436 | 210214365 | 第三借阅区/ [索取号:S436.41-64/127=2] | 在馆 | |
| 5 | 1021437 | 210214374 | 第三借阅区/ [索取号:S436.41-64/127=2] | 在馆 |